00584nam a2200193Ia 450000500170000000800410001702000150005808200150007310000160008824500550010425000090015926000590016830000160022765000140024365000170025794200060027495200970028099900130037720240731052548.0240331s9999 xx 000 0 und d a9774246691 a292.9bARM aArmour, R.A 0aGods and myths of ancient EgyptcRobert, A. Armour a2nd  aNew YorkbThe American University in Cairo Pressc2002 aix, 207 p., aMythology aEgyptologist cL 001040708LaWERCLbWERCLcSSCd2024-03-31l0o 292.9 ARMp4725r2024-03-31w2024-03-31yL c876d876